| 000 | 00383cam a22001337a 4500 | ||
|---|---|---|---|
| 008 | 180718b1891 xxu||||| |||| 00| 0 eng d | ||
| 082 | _aA6x54 R861/Si63 | ||
| 100 | _aKeene, H.G. | ||
| 245 |
_aMadhava Rao Sindhia _cby H.G. Keene |
||
| 260 |
_aOxford _bClarendon Press _c1891 |
||
| 300 | _a207+p. | ||
| 440 | _aRulers of India | ||
| 650 | _aMadhava Rao Sindhia, Raja of Gwalior, d. 1794 | ||
| 999 |
_c438136 _d438136 |
||